Statistics for Ulster Senior Cup Champions

Click here to take the quiz!

General Stats

  • This quiz has been taken 5 times
  • The average score is 5 of 17

Answer Stats

NSchoolCountyTitlesFirstLast% Correct
1MethodistBelfast, Co. Antrim3718782022
100%
3CampbellBelfast, Co. Antrim2418982018
80%
5The RoyalArmagh, Co. Armagh918762004
80%
7Bangor GrammarBangor, Co. Down519691988
60%
8Ballymena AcademyBallymena, Co. Antrim319722010
40%
10Annadale GrammarBelfast, Co. Antrim118871887
20%
10Ballyclare HighBallyclare, Co. Antrim119731973
20%
10Belfast Royal AcademyBelfast, Co. Antrim119971997
20%
4Coleraine Academical InstitutionColeraine, Co. Armagh918841992
20%
9FoyleDerry, Co. Derry219001915
20%
10Royal SchoolDungannon, Co. Tyrone119071907
20%
10Belfast Boys' ModelBelfast, Co. Antrim119711971
0%
10Grosvenor HighBelfast, Co. Antrim119831983
0%
6Portora RoyalEnniskillen, Co. Fermanagh619051941
0%
9Rainey EndwedMagherafelt, Co. Derry219671982
0%
10Regent House GrammarNewtownards, Co. Down119941994
0%
2Royal Belfast Academical InsititutionBelfast, Co. Antrim3318882023
0%

Score Distribution

Percentile by Number Answered

Percent of People with Each Score

Your Score History

You have not taken this quiz